| 000 | 00808nmm a2200265 a 4500 | ||
|---|---|---|---|
| 003 | AR-BaBNM | ||
| 005 | 20251128211832.0 | ||
| 008 | 116120sc199 ||||||||||||||000 | spa|| | ||
| 020 | _a950-9517-63-1 | ||
| 040 | _cAR-BaBNM | ||
| 245 | 1 | 0 |
_aManuel Belgrano _blos ideales de la patria |
| 260 |
_aBuenos Aires _bManrique Zago Ediciones _cc1995 _bInstituto Nacional Belgraniano |
||
| 300 | 0 |
_a197 p. _bil. col. |
|
| 504 | _aContiene referencias bibliográficas | ||
| 600 | 1 | 4 | _aBelgrano, Juan Manuel |
| 650 | 4 | _aHISTORIA ARGENTINA | |
| 650 | 4 | _aHISTORIA POLITICA ARGENTINA | |
| 650 | 4 | _aIDEOLOGIAS POLITICAS | |
| 650 | 4 | _aBIOGRAFIAS | |
| 700 | 1 |
_aZago, Manrique _edirector |
|
| 700 | 1 |
_aMayoqui, Enrique Mario _esupervisor |
|
| 700 |
_aVarela, Silvia _ecoordinador |
||
| 942 | _cBK | ||
| 998 | _cNancy | ||
| 999 |
_c21314 _d21314 |
||